000 00658na a2200229 4500
001 19236
003 MIRAKIL
005 20181213155057.0
008 161212b tu 000 0
035 _a19236
040 _aMilas
_btur
_cTR-AnCHP
041 _atur
082 _a338.95667
_bG26 [t.y.]
090 _a338.95667 G26 [t.y.]
245 _aGAP'a yönelik politikalar ve örgütlenme önerileri
_cHazırlayanlar Ayda Eraydın, ...[ve öte.]
260 _a[y.y.]
_bTÜSES Yayınları
_c[t.y.]
300 _a40, [10] s.
_bhrt.
_c30 sm.
650 _aGAP
_xÖrgütlenme
650 _aGAP
_xPolitikalar
700 _aEraydın, Ayda
942 _2dcc
_cBKS
999 _c6149
_d6149